| 000 | 00780nam a2200277 a 4500 | ||
|---|---|---|---|
| 001 | 000108247 | ||
| 003 | CHAP | ||
| 005 | 20220329144005.0 | ||
| 008 | 140120s2011 it dj |r| |||||||fre d | ||
| 010 | _a104709 | ||
| 011 | _a105681 | ||
| 020 | _a9789252072768 | ||
| 040 | _cCHAP | ||
| 090 | _aFolleto 18383f | ||
| 245 | 1 | 0 |
_aEstude d'impact environnemental : _bdirectives pour les projets de terrain de FAO / _cpor FAO. |
| 260 |
_aRoma : _bFAO, _c2011. |
||
| 300 | _aiv, 44 p. | ||
| 590 |
_aE5995AHE _b05 _c20140120 _lUCH01 _h0900 |
||
| 650 | 1 | 4 |
_aGestión medioambiental. _947805 |
| 650 | 1 | 4 |
_aImpacto ambiental _xAnálisis. _9125179 |
| 650 | 1 | 4 |
_aProyectos de desarrollo. _992528 |
| 650 | 1 | 4 |
_aRecursos naturales. _995172 |
| 901 | _aBK | ||
| 942 | _cFOLL | ||
| 942 | _n0 | ||
| 999 |
_c104709 _d104709 |
||